| 000 | 00763nam a2200205 i 4500 | ||
|---|---|---|---|
| 001 | 124795 | ||
| 003 | ES-MaACL | ||
| 005 | 20230906192511.0 | ||
| 007 | t| | ||
| 008 | 070420s1932 sp ||||1| spa d | ||
| 245 | 0 | 0 | _aRepertorio alfabético de casos prácticos y dudas suscitadas en la aplicación del seguro de maternidad. |
| 260 |
_aMadrid : _b[s.n.], _c1932 ( _fEstab. Tip. de A. Marzo) |
||
| 300 |
_a54 p. ; _c20 cm. |
||
| 490 | 1 |
_aPublicaciones del Instituto Nacional de Previsión ; _v324 |
|
| 650 |
_aSubsidio de maternidad- _zEspaña. _917240 |
||
| 710 | 2 |
_aInstituto Nacional de Previsión (España) _95180 |
|
| 830 | 1 |
_aPublicaciones del Instituto Nacional de Previsión ; _v324 _9181151 |
|
| 852 |
_aES-MaACL _jC-12651(10) |
||
| 999 |
_c124795 _d124795 |
||